000
00265nam a2200109Ia 4500
008
190216s9999||||xx |||||||||||||| ||und||
100
_a
Balachandran M K
245
0
_a
Fundamentals Of Statistics
260
_b
Ratan Prakashan Mandir
650
_a
Commerce
942
_c
BK
999
_c
4629
_d
4629